Online Catalogue and eLibrary

Feminist epistemologies / (Record no. 10)

MARC details
000 -LEADER
fixed length control field 00719pam a2200229 a 4500
001 - CONTROL NUMBER
control field 2030961
005 - DATE AND TIME OF LATEST TRANSACTION
control field 20231115024945.0
008 - FIXED-LENGTH DATA ELEMENTS--GENERAL INFORMATION
fixed length control field 920427s1993 nyu b 001 0 eng
020 ## - INTERNATIONAL STANDARD BOOK NUMBER
ISBN 0415904501 (acidfree paper)
020 ## - INTERNATIONAL STANDARD BOOK NUMBER
ISBN 041590451X (pb)
040 ## - CATALOGING SOURCE (பட்டியலாக்க மூலம்)
Original cataloging agency DLC
Transcribing agency DLC
Modifying agency DLC
082 00 - DDC Classification
Class No. 305.42/01
DDC Edition Number 20
245 00 - TITLE STATEMENT
Title Feminist epistemologies /
Statement of responsibility, etc. edited and with an introduction by Linda Alcoff and Elizabeth Potter.
260 ## - PUBLICATION, DISTRIBUTION, ETC.
Place of publication, distribution, etc. New York :
Name of publisher, distributor, etc. Routledge,
Date of publication, distribution, etc. 1993.
300 ## - PHYSICAL DESCRIPTION
Extent (e.g. Volumes, Pages etc.) vii, 312 p. ;
650 #0 - SUBJECT ADDED ENTRY--TOPICAL TERM
Topical term or geographic name entry element Feminist theory.
650 #0 - SUBJECT ADDED ENTRY--TOPICAL TERM
Topical term or geographic name entry element Knowledge, Theory of.
700 1# - ADDED ENTRY--PERSONAL NAME
Personal name Alcoff, Linda.
Relator term (Role) Editor
700 1# - ADDED ENTRY--PERSONAL NAME
Personal name Potter, Elizabeth.
Relator term (Role) Editor
856 42 - ELECTRONIC LOCATION AND ACCESS
Uniform Resource Identifier <a href="http://www.loc.gov/catdir/enhancements/fy0647/92011309-d.html">http://www.loc.gov/catdir/enhancements/fy0647/92011309-d.html</a>
942 ## - Koha item type (Biblio)
Koha item type Books in Stacks (Lending)
Holdings
Lost status Damaged status Collection code Home library Current library Shelving location Date acquired Full call number Accession Number Item type
    Lending WERC Library WERC Library Electronic Resource Cupboard 11/15/2023 305.42 FEM 5184 Books in Stacks (Lending)

© WERC Library